| 000 | 01304cam a22001814a 4500 | ||
|---|---|---|---|
| 005 | 20250605163659.0 | ||
| 008 | 250528s ||||||||||||||||||||||||d | ||
| 035 | _a24201 | ||
| 020 | _a9282697975 | ||
| 040 |
_aGR-AtMCL _bgre _dGR-AtMCL _eAACR2 |
||
| 245 | 1 | _aΤα Όργανα της Ευρωπαϊκής Ένωσης | |
| 260 |
_bΔιοικητική Μονάδα 'Εκδόσεις' _bΟπτικοακουστικός Τομέας, Πληροφόρηση, Επικοινωνία Και Πολιτιστικά Θέματα, _c1995 |
||
| 300 | _a16 | ||
| 520 | _aΤο Ευρωπαϊκό Κοινοβούλιο, Το Ευρωπαϊκό Συμβούλιο, Το Συμβούλιο της Ευρωπαϊκής Ένωσης, Η Ευρωπαϊκή Επιτροπή, Το Δικαστήριο και το Πρωτοδικείο, Το Ελεγκτικό Συνέδριο, Η Οικονομική και Κοινωνική Επιτροπή και η Συμβουλευτική Επιτροπή ΕΚΑΧ, Η Επιτροπή των Περιφερειών, Η Ευρωπαϊκή Τράπεζα Επενδύσεων, Το Ευρωπαϊκό Νομισματικό Ίδρυμα και η Ευρωπαϊκή Κεντρική Τράπεζα. | ||
| 942 | _cCR | ||
| 999 |
_c9095 _d9095 |
||